1997 1688 1127 1928 1248 1155 1379 1704 1990 1854 1291 1449 1573 1560 1240 1148 1260 1996 1251 1107 1368 1858 1261 1318 1505 1502 1222 1839 1673 1173 1434 1149 1158 1081 1068 1909 1451 1182 1327 1964 1672 1629 1417 1690 1866 1002 1184 1995 1297 1752 1264 1802 1426 1429 1485 1586 1859 1050 1683 1366 1603 1849 1521 1129 1920 1184 1541 1901 1970 1721 1722 1612 1523 1858 1403 1755 1593 1793 1447 1933 1804 1551 1102 1312 1781 1527 1340 1083 1801 1069 1165 1209 1427 1873 1925 1241 1922 1072 1244 BCNSPRNW ULIB Ver.6.0+V

เปลี่ยนเป็นภาษาไทย

Change to English
 แสดงรายละเอียดบรรณานุกรม
  กลับหน้าหลัก

Brief Record : Get Marc (ISO 2709) : E-mail record : QR code < ปิดหน้าต่าง
LEADER : 00000nam 2200000uu 4500
001    13399122174
003     ULIB
008    130108s2555||||th 000 0 tha d
020    ^a9786165514538
060  4 ^aWH120^bD994
245 00 ^aDiagnostic approach in hematology :^blaboratory interpretation and clinical correlation /^cนภชาญ เอื้อประเสริฐ, บรรณาธิการ
250    ^aพิมพ์ครั้งที่ 1
260    ^aกรุงเทพฯ :^bสาขาวิชาโลหิตวิทยา ภาควิชาอายุรศาสตร์ คณะแพทยศาสตร์ จุฬาลงกรณ์มหาวิทยาลัย,^c2555
300    ^a392, [17] หน้า :^bภาพประกอบ (ภาพสีบางภาพ), ตาราง ;^c26 ซม.
504    ^aมีบรรณานุกรมท้ายบทและดัชนีท้ายเล่ม
650  7 ^aโลหิตวิทยา
650  7 ^aเลือด, โรค^xการวินิจฉัย
650  7 ^aเลือด, โรค^xการวินิจฉัยโรคทางห้องปฏิบัติการ
700 0  ^aนภชาญ เอื้อประเสริฐ,^eบรรณาธิการ
710 2  ^aจุฬาลงกรณ์มหาวิทยาลัย. ^bคณะแพทยศาสตร์.^bภาควิชาอายุรศาสตร์.^bสาขาวิชาโลหิตวิทยา
945    ^p550^l0^i19636
999    ^aกัณชพร
รายการนี้ยังไม่มีแท็ก
คุณยังไม่ได้ล็อกอิน คุณสามารถมีกิจกรรมร่วมกับเว็บไซต์ได้ แต่ต้องล็อกอินก่อน ::
  ล็อกอิน

รายการสื่อสารสนเทศ

ลำดับที่ ประเภท เลขเรียก/บาร์โค้ด สถานที่ สถานะ
1. วิทยาศาสตร์การแพทย์ และสุขภาพ
วิทยาศาสตร์การแพทย์ และสุขภาพ
สถานะ=หนังสือเก่า
WH120 D994  
  Barcode: 19636
ห้องสมุดวิทยาเขตนครสวรรค์
►ส่วนจัดเก็บหนังสือเก่า นว.
บนชั้น
  ขอยืม

รายการใกล้เคียง
    หัวเรื่อง [โลหิตวิทยา]

BibComment


ยังไม่เคยถูกคอมเมนท์

คอมเมนท์ทรัพยากรรายการนี้
  คอมเมนท์: Diagnostic appro..


 Copyright 2026. Bcnsprnw @Library